Estudio de pequenas obras de toma de ríos

Bewaard in:
Bibliografische gegevens
Hoofdauteur: Bonilla Fernández, Carlos
Formaat: Boek
Gepubliceerd in: San José, Costa Rica 1988
Onderwerpen:
Tags: Voeg label toe
Geen labels, Wees de eerste die dit record labelt!

MARC

LEADER 00000nam a2200000Ia 4500
003 004605
005 20221231144344.0
008 140114s1988 cr a m 000 ||s d
040 |c cru CEDI 
090 |a TFG 2112 
100 |a Bonilla Fernández, Carlos  |9 13609 
245 |a Estudio de pequenas obras de toma de ríos 
260 |c 1988  |a San José, Costa Rica 
300 |a  iii, [103] hojas : ilustraciones ; 28 cm  
500 |a  Proyecto de graduación (licenciatura en ingeniería civil)--Universidad de Costa Rica. Facultad de Ingeniería. Escuela de Ingeniería Civil  
650 |x SUMINISTRO DE AGUA - COSTA RICA  |9 13610 
942 |c TFG  |2 ddc 
999 |c 20639  |d 20639